1074 1023 1514 1621 1631 1132 1224 1771 1926 1303 1392 1704 1630 1189 1643 1459 1358 1632 1599 1139 1477 1522 1522 1475 1382 1494 1172 1958 1550 1162 1768 1910 1104 1997 1794 1934 1407 1973 1748 1377 1225 1904 1069 1199 1007 1812 1983 1901 1261 1791 1033 1326 1178 1370 1746 1056 1619 1369 1822 1308 1931 1605 1840 1000 1403 1157 1516 1878 1782 1621 1995 1499 1637 1302 1437 1287 1730 1280 1398 1671 1072 1237 1311 1282 1361 1620 1579 1970 1988 1674 1883 1792 1854 1182 1352 1052 1681 1012 1404 BCNSPRNW ULIB Ver.6.0+V

เปลี่ยนเป็นภาษาไทย

Change to English
 แสดงรายละเอียดบรรณานุกรม
  กลับหน้าหลัก

Brief Record : Get Marc (ISO 2709) : E-mail record : QR code < ปิดหน้าต่าง
LEADER : 00000nam 2200000uu 4500
001    13399114125
003     ULIB
008    110219s||||||||th 000 0 tha d
099    วจ.WY100.4^bน522ค
100 0  น้ำทิพย์ แสงจันทร์
245 00 ความสามารถในการวินิจฉัยทางการพยาบาลของนักศึกษาพยาบาล วิทยาลัยพยาบาลบรมราชชนนีสวรรค์ประชารักษ์/^cน้ำทิพย์ แสงจันทร์
260    นครสวรรค์:^bวิทยาลัยพยาบาลบรมราชชนนีสวรรค์ประชารักษ์,^c2547
300    54 หน้า
650  7 การวินิจฉัยทางการพยาบาล^xวิจัย
650  7 การพยาบาล^xการวินิจฉัย^xวิจัย
710 2  วิทยาลัยพยาบาลบรมราชชนนีสวรรค์ประชารักษ์ นครสวรรค์
945    ^p0^l0^i031003
995    ทศพร
999 ^a ใช้งานได้ทุกระบบ
รายการนี้ยังไม่มีแท็ก
คุณยังไม่ได้ล็อกอิน คุณสามารถมีกิจกรรมร่วมกับเว็บไซต์ได้ แต่ต้องล็อกอินก่อน ::
  ล็อกอิน

รายการสื่อสารสนเทศ

ลำดับที่ ประเภท เลขเรียก/บาร์โค้ด สถานที่ สถานะ
1. งานวิจัย
งานวิจัย
วจ.WY100.4 น522ค  
  Barcode: 031003
ห้องสมุดวิทยาเขตสวรรค์ประชารักษ์
►วิจัย
บนชั้น

BibComment


ยังไม่เคยถูกคอมเมนท์

คอมเมนท์ทรัพยากรรายการนี้
  คอมเมนท์: ความสามารถในการวิ..


 Copyright 2026. Bcnsprnw @Library